[Event "Ä17Â"]
[Site "Loo"]
[Date "2017.04.27"]
[Round "8.5"]
[White "Àôîíàñüåâà, Àííà."]
[Black "Íàçàðîâà, Àíàñòàñèÿ."]
[Result "1-0"]
[WhiteElo "2213"]
[BlackElo "1964"]
[PlyCount "65"]
[EventDate "2017.04.20"]

1. d4 d5 2. Nf3 Nf6 3. c4 e6 4. g3 Be7 5. Bg2 O-O 6. O-O c6 7. Nc3 Nbd7 8. Qd3
b6 9. e4 Bb7 10. Rd1 Rc8 11. b3 c5 12. exd5 exd5 13. cxd5 Nxd5 14. Nxd5 Bxd5
15. dxc5 Bxf3 16. Qxf3 Bxc5 17. Bb2 Qe7 18. Rd5 Rfd8 19. Bh3 Rb8 20. Bxd7 Rxd7
21. Qg4 f5 22. Rxf5 Qe8 23. b4 Bf8 24. h4 Rbd8 25. h5 Rd2 26. Bc3 R2d6 27. Re1
Qd7 28. Qc4+ Kh8 29. Rf7 Qh3 30. Qf4 Kg8 31. Rxf8+ Rxf8 32. Qxd6 Qxh5 33. Re7
1-0

[Event "Ä17Â"]
[Site "Loo"]
[Date "2017.04.27"]
[Round "8.6"]
[White "Ýðäûíèåâà, Îþíà."]
[Black "ßíó÷åíêî, Ïîëèíà."]
[Result "1-0"]
[WhiteElo "2183"]
[BlackElo "2060"]
[PlyCount "35"]
[EventDate "2017.04.20"]

1. Nf3 d5 2. c4 e6 3. g3 c6 4. Bg2 dxc4 5. a4 b6 6. Ne5 Bb7 7. Nxc4 Qc8 8. O-O
c5 9. Bxb7 Qxb7 10. Nc3 Nc6 11. d3 Rd8 12. a5 Bd6 13. axb6 axb6 14. Qb3 Be7 15.
Qb5 Rd7 16. Be3 Bd8 17. Bxc5 bxc5 18. Nd6+ 1-0

[Event "Ä17Â"]
[Site "Loo"]
[Date "2017.04.27"]
[Round "8.7"]
[White "Êîçèíà, Àíàñòàñèÿ."]
[Black "Âîðîáüåâà, Âàëåðèÿ."]
[Result "1-0"]
[WhiteElo "2117"]
[BlackElo "1898"]
[PlyCount "91"]
[EventDate "2017.04.20"]

1. e4 c5 2. Nf3 d6 3. c3 Nf6 4. h3 e6 5. Bd3 Bd7 6. O-O Be7 7. Bc2 Bc6 8. Re1
Nbd7 9. d4 Nb6 10. Nbd2 Qc7 11. a4 Rc8 12. a5 Nbd7 13. Bd3 b6 14. axb6 axb6 15.
Qe2 O-O 16. Nf1 Rfe8 17. Bf4 cxd4 18. cxd4 e5 19. dxe5 dxe5 20. Bh2 Bb4 21.
Rec1 Nc5 22. Bb5 Qb7 23. Nxe5 Bxb5 24. Qxb5 Nb3 25. Rxc8 Qxc8 26. Ra4 Nd4 27.
Qd3 Qc5 28. Bf4 h6 29. Nf3 Nc2 30. e5 Nd5 31. Bd2 b5 32. Ra6 Bxd2 33. Qxd2 Ndb4
34. Rd6 Ra8 35. Qc3 Qc4 36. Qxc4 bxc4 37. N1d2 Rc8 38. Nd4 Ne1 39. e6 fxe6 40.
Nxe6 Kf7 41. Nf4 Ned3 42. Nxd3 Nxd3 43. Nxc4 Nxf2 44. Rd4 Rxc4 45. Rxc4 Nd3 46.
b4 1-0

[Event "Ä17Â"]
[Site "Loo"]
[Date "2017.04.27"]
[Round "8.8"]
[White "Ôèëèïïîâà, Äàðüÿ."]
[Black "Êèðàêîñÿí, Êàìèëà."]
[Result "1-0"]
[WhiteElo "1996"]
[BlackElo "1803"]
[PlyCount "77"]
[EventDate "2017.04.20"]

1. d4 Nf6 2. c4 g6 3. Nf3 Bg7 4. g3 O-O 5. Bg2 d6 6. O-O Nbd7 7. Nc3 e5 8. e3
a5 9. b3 Ne8 10. Ba3 f5 11. dxe5 Nxe5 12. Nxe5 Bxe5 13. Rc1 Kh8 14. Qe2 c6 15.
f4 Bg7 16. e4 Rf7 17. Kh1 Qc7 18. Rfd1 Be6 19. Qd2 Rd8 20. exf5 Bxf5 21. Ne4
Rfd7 22. Re1 h6 23. Re2 Nf6 24. Nxf6 Bxf6 25. Bb2 Bxb2 26. Qxb2+ Kh7 27. Rce1
Rg7 28. Qf6 Rdd7 29. Re8 Rdf7 30. Qh4 Qd7 31. h3 g5 32. fxg5 Rxg5 33. g4 Rfg7
34. gxf5 Rxg2 35. R8e6 R2g5 36. Qxh6+ Kg8 37. Re8+ Kf7 38. R1e7+ Qxe7 39. Rxe7+
1-0

[Event "Ä17Â"]
[Site "Loo"]
[Date "2017.04.27"]
[Round "8.9"]
[White "Õàí, Àíàñòàñèÿ."]
[Black "Àêñåíîâà, Ìàðèÿ."]
[Result "0-1"]
[WhiteElo "1868"]
[BlackElo "1923"]
[PlyCount "134"]
[EventDate "2017.04.20"]

1. d4 d6 2. e4 Nf6 3. Nc3 c6 4. Nf3 Bg4 5. Be2 Nbd7 6. h3 Bxf3 7. Bxf3 e5 8.
Be3 Be7 9. O-O O-O 10. b3 Qc7 11. Rc1 Rad8 12. d5 Nb6 13. Qd2 a6 14. Rfd1 h6
15. g3 Rc8 16. dxc6 bxc6 17. Bxb6 Qxb6 18. Na4 Qa7 19. c4 Ne8 20. Qa5 Rb8 21.
c5 dxc5 22. Qc3 c4 23. Qxc4 Rc8 24. Be2 a5 25. Nc5 Nd6 26. Qa4 Rfd8 27. Ba6 Rc7
28. Qxa5 Ra8 29. Qc3 Nb5 30. Qxe5 Bxc5 31. Rxc5 Re7 32. Qf4 Qxa6 33. a4 Nc7 34.
Qd6 Qe2 35. Rdc1 Qxe4 36. Rxc6 Nd5 37. R6c4 Qe6 38. Qa3 Nf6 39. a5 Ra6 40. b4
Rea7 41. Qd3 Ra8 42. Ra1 Qxh3 43. Rh4 Qe6 44. Rd4 Qe7 45. Qc3 Qe6 46. b5 Rd6
47. Rxd6 Qxd6 48. b6 Ne4 49. Qf3 Qd4 50. Rd1 Qa4 51. b7 Rb8 52. Rc1 Rxb7 53.
Rc8+ Kh7 54. Qf5+ g6 55. Qe5 f6 56. Qd5 Rg7 57. a6 Qxa6 58. Qd8 g5 59. Qh8+ Kg6
60. Qe8+ Kf5 61. Rc6 Qa1+ 62. Kg2 Qe5 63. Qh5 Nxg3 64. Qf3+ Qf4 65. Qd5+ Qe5
66. Qf3+ Kg6 67. fxg3 Re7 0-1

[Event "Ä17Â"]
[Site "Loo"]
[Date "2017.04.27"]
[Round "8.10"]
[White "Êîðîë¸âà, Åâãåíèÿ."]
[Black "Ïàíêîâà, Þëèÿ."]
[Result "1-0"]
[WhiteElo "1909"]
[BlackElo "1786"]
[PlyCount "69"]
[EventDate "2017.04.20"]

1. d4 d5 2. c4 dxc4 3. Nf3 Nf6 4. e3 e6 5. Bxc4 c5 6. O-O Nc6 7. Bb3 Be7 8. Nc3
a6 9. Qe2 Qc7 10. dxc5 Bxc5 11. e4 O-O 12. e5 Nd7 13. Bf4 Bd4 14. Rfe1 Bxc3 15.
bxc3 Ne7 16. c4 Ng6 17. Bg3 Rd8 18. Bc2 Ndf8 19. h4 b5 20. cxb5 axb5 21. h5 Ne7
22. Rac1 Qa5 23. Bh4 Rd7 24. Bxe7 Rxe7 25. h6 Ng6 26. hxg7 Bb7 27. Ng5 Kxg7 28.
Qh5 Rh8 29. Be4 Qxa2 30. Bxb7 Rxb7 31. Qf3 Qa8 32. Qf6+ Kg8 33. Red1 Nf8 34.
Rd8 Qa3 35. Rcc8 1-0

[Event "Ä17Â"]
[Site "Loo"]
[Date "2017.04.27"]
[Round "8.11"]
[White "Ïîëçóíîâà, Àíàñòàñèÿ."]
[Black "Òðîÿíîê, Òàòüÿíà."]
[Result "0-1"]
[WhiteElo "1814"]
[BlackElo "1902"]
[PlyCount "70"]
[EventDate "2017.04.20"]

1. e4 c5 2. Nf3 a6 3. d4 cxd4 4. Nxd4 Nf6 5. Nc3 d6 6. Bg5 e6 7. f4 Nbd7 8. Qf3
h6 9. Bxf6 Qxf6 10. O-O-O g5 11. g3 h5 12. fxg5 Qxg5+ 13. Kb1 Ne5 14. Qf4 Qe7
15. h3 Bd7 16. Be2 b5 17. Rdf1 Rb8 18. Nf3 Bh6 19. Qh4 Qxh4 20. Nxh4 Nc4 21.
Bxc4 bxc4 22. Rh2 Bg7 23. Nd1 Be5 24. Rg2 Bc6 25. Re1 Bxb2 26. Nxb2 c3 27. Rf2
Rxb2+ 28. Ka1 Ke7 29. Ref1 Rh7 30. Nf3 Rg7 31. Nd4 Bxe4 32. Re1 Rxg3 33. Rfe2
f5 34. Rf2 Rxh3 35. Ne2 Rxc2 0-1

[Event "Ä17Â"]
[Site "Loo"]
[Date "2017.04.27"]
[Round "8.12"]
[White "Çèííàòóëëèíà, Àäåëÿ."]
[Black "Ãðèãîðüåâà, Þëèÿ."]
[Result "0-1"]
[WhiteElo "1778"]
[BlackElo "1922"]
[PlyCount "116"]
[EventDate "2017.04.20"]

1. d4 Nf6 2. c4 g6 3. Nc3 Bg7 4. e4 d6 5. h3 O-O 6. Nf3 e5 7. d5 a5 8. Bg5 h6
9. Be3 Na6 10. Nd2 Nc5 11. a3 Ne8 12. b4 axb4 13. axb4 Rxa1 14. Qxa1 Na6 15.
Qb2 f5 16. f3 b6 17. Bd3 f4 18. Bf2 Bf6 19. O-O Bh4 20. Na4 h5 21. c5 Bxf2+ 22.
Rxf2 Nb8 23. Qc3 g5 24. cxb6 cxb6 25. Be2 Nf6 26. b5 g4 27. fxg4 hxg4 28. hxg4
Bxg4 29. Bf3 Nbd7 30. Nc4 Qc7 31. Rc2 Nc5 32. Nxc5 Qxc5+ 33. Kf1 Rc8 34. Qb3
Bxf3 35. Qxf3 Qd4 36. Qe2 Qxe4 37. Nxd6 Qxc2 38. Nxc8 Qxc8 39. Qxe5 Qc1+ 40.
Ke2 Qe3+ 41. Qxe3 fxe3 42. Kxe3 Nxd5+ 43. Kd4 Nc7 44. Ke5 Nxb5 45. Kd5 Nc7+ 46.
Kc4 Kg7 47. Kb4 Kg6 48. Kc4 Kg5 49. Kb4 Kg4 50. Kc4 Kg3 51. Kb4 Kxg2 52. Kc4
Kf3 53. Kb4 Ke4 54. Kc4 Ke5 55. Kb4 Kd6 56. Kc4 Kc6 57. Kb4 b5 58. Kb3 Kc5 0-1

[Event "Ä17Â"]
[Site "Loo"]
[Date "2017.04.27"]
[Round "8.13"]
[White "Êâà÷êî, Àíàñòàñèÿ."]
[Black "Ãîëîâêèíà, Àíàñòàñèÿ."]
[Result "1-0"]
[WhiteElo "1772"]
[BlackElo "2061"]
[PlyCount "33"]
[EventDate "2017.04.20"]

1. e4 e5 2. Nf3 Nc6 3. Bb5 a6 4. Bxc6 dxc6 5. O-O Bd6 6. d4 exd4 7. Qxd4 f6 8.
Be3 Qe7 9. Nbd2 Be6 10. Rfd1 c5 11. Qa4+ b5 12. Qa5 Bg4 13. a4 b4 14. Nc4 Qxe4
15. Rxd6 Qxc4 16. Qxc7 Rc8 17. Qxg7 1-0

[Event "Ä17Â"]
[Site "Loo"]
[Date "2017.04.27"]
[Round "8.14"]
[White "Åìåëüÿíîâà, Âèêòîðèÿ."]
[Black "Ãûðãåíîâà, Åêàòåðèíà."]
[Result "1/2-1/2"]
[WhiteElo "1713"]
[BlackElo "1849"]
[PlyCount "104"]
[EventDate "2017.04.20"]

1. d4 d5 2. c4 c6 3. Nc3 e6 4. e3 Nf6 5. Nf3 Nbd7 6. Bd3 dxc4 7. Bxc4 b5 8. Bd3
a6 9. O-O c5 10. e4 cxd4 11. Nxd4 Nc5 12. Bc2 b4 13. e5 Nfd7 14. Na4 Nxe5 15.
Re1 Ned7 16. Nf5 Qf6 17. Nd6+ Bxd6 18. Qxd6 Nxa4 19. Bxa4 Qe7 20. Qc6 Rb8 21.
Bf4 O-O 22. Bxb8 Nxb8 23. Qe4 Bb7 24. Qg4 a5 25. Rad1 Qf6 26. Rd2 Na6 27. Bc2
Nc5 28. Qh5 Qh6 29. Qxh6 gxh6 30. Re5 Bd5 31. h3 Kg7 32. Rd4 Nd7 33. Re3 Nf6
34. Bb3 Rc8 35. Rg3+ Kf8 36. Bxd5 Nxd5 37. Rgd3 Rc2 38. Rd2 Rc1+ 39. Rd1 Rc2
40. R4d2 Rc4 41. Re1 Kg7 42. Kh2 Kg6 43. Ree2 Rc1 44. Rc2 Ra1 45. a3 bxa3 46.
bxa3 Rxa3 47. Ra2 Rxa2 48. Rxa2 h5 49. Rxa5 Nf4 50. Kg3 Ne2+ 51. Kf3 Nd4+ 52.
Ke4 Nf5 1/2-1/2

[Event "Ä17Â"]
[Site "Loo"]
[Date "2017.04.27"]
[Round "8.15"]
[White "Ýñàóëîâà, Ìàðôà."]
[Black "Ïåð÷, Ñîôüÿ."]
[Result "1/2-1/2"]
[WhiteElo "1826"]
[BlackElo "1802"]
[PlyCount "108"]
[EventDate "2017.04.20"]

1. c4 e6 2. d4 d5 3. Nc3 c5 4. cxd5 exd5 5. dxc5 d4 6. Ne4 Bf5 7. Nd6+ Bxd6 8.
cxd6 Qxd6 9. Qb3 Qd7 10. Nf3 Nc6 11. Bf4 Qe7 12. e3 dxe3 13. Qxe3 Qxe3+ 14.
Bxe3 Nge7 15. Bb5 O-O 16. O-O a6 17. Bc4 h6 18. Rfe1 Ng6 19. Nd4 Nxd4 20. Bxd4
Rac8 21. Be2 Rfd8 22. Bc3 Bd7 23. Ba5 Re8 24. Bf3 Rxe1+ 25. Rxe1 Bc6 26. Bg4
Re8 27. Rxe8+ Bxe8 28. Bf3 Bc6 29. Bxc6 bxc6 30. Kf1 Kf8 31. Bc3 f6 32. g3 Kf7
33. Ke2 Ke6 34. f4 Ne7 35. g4 Nd5 36. f5+ Kd6 37. Bd4 c5 38. Bf2 Nb4 39. a3 Nc6
40. Bg3+ Kd5 41. Bc7 Ne5 42. h3 Nc6 43. Bf4 Ne5 44. Bd2 Nc4 45. Bc3 a5 46. b3
Nxa3 47. Bxa5 Nb5 48. b4 Nd4+ 49. Kd3 Nc6 50. Bc7 Nxb4+ 51. Ke3 c4 52. Ba5 Nc6
53. Bc3 Kc5 54. h4 Kd5 1/2-1/2

[Event "Ä17Â"]
[Site "Loo"]
[Date "2017.04.27"]
[Round "8.16"]
[White "Ñêîìîðîõèíà, Åêàòåðèíà."]
[Black "Ñåðäèòûõ, Îëåñÿ."]
[Result "0-1"]
[WhiteElo "1917"]
[BlackElo "1915"]
[PlyCount "116"]
[EventDate "2017.04.20"]

1. d4 d5 2. Bf4 Nf6 3. e3 c5 4. c3 Nc6 5. Nf3 Qb6 6. Qb3 c4 7. Qc2 Bf5 8. Qc1
h6 9. h3 e6 10. Nbd2 Be7 11. Be2 O-O 12. O-O Qd8 13. b3 b5 14. a4 a6 15. Qb2
Qd7 16. a5 cxb3 17. Nxb3 Bd6 18. Bxd6 Qxd6 19. Ne1 Nd7 20. Bd3 Bxd3 21. Nxd3
Rfc8 22. Ndc5 Nxc5 23. Nxc5 Rc7 24. Rfc1 Nb8 25. e4 Nd7 26. e5 Nxe5 27. Nxa6
Nd3 28. Qc2 Nxc1 29. Nxc7 Qxc7 30. Qxc1 Rxa5 31. Rb1 Qa7 32. Qb2 Qa6 33. g3 Ra3
34. Kg2 Qa5 35. Qxb5 Qxb5 36. Rxb5 Rxc3 37. Rb8+ Kh7 38. Rb4 Kg6 39. Kf1 Rc2
40. Kg2 Kf6 41. Kf3 Rc6 42. Rb7 g5 43. Ke3 Ra6 44. Kf3 Ra3+ 45. Ke2 h5 46. f3
Ra2+ 47. Ke3 Rh2 48. g4 Rxh3 49. gxh5 Rxh5 50. Ra7 Kg6 51. Ra6 Kf5 52. Ra8 Rh3
53. Ra7 f6 54. Ke2 Rh2+ 55. Ke3 Rb2 56. Ra5 Rb3+ 57. Ke2 Kf4 58. Ra6 Re3+ 0-1

[Event "Ä17Â"]
[Site "Loo"]
[Date "2017.04.27"]
[Round "8.17"]
[White "Ãàðìàø, Àëåíà."]
[Black "Õîðóíæåâà, Êñåíèÿ."]
[Result "1/2-1/2"]
[WhiteElo "1844"]
[BlackElo "1688"]
[PlyCount "87"]
[EventDate "2017.04.20"]

1. d4 Nf6 2. Nf3 e6 3. Bf4 b6 4. e3 Bb7 5. c3 Be7 6. h3 O-O 7. Bd3 c5 8. O-O
Nc6 9. Nbd2 cxd4 10. exd4 d5 11. Re1 a6 12. a4 Nh5 13. Bh2 Bd6 14. Ne5 Nf6 15.
f4 Qc7 16. Qf3 Na5 17. Qf2 Rfb8 18. g4 Ne8 19. Qh4 g6 20. g5 Bc8 21. Ndf3 b5
22. b4 Bxe5 23. Nxe5 Nb3 24. Rad1 Qxc3 25. Bb1 Nxd4 26. Qf2 Nf5 27. Bxf5 gxf5
28. Rc1 Qa3 29. a5 Nd6 30. Qc5 Nc4 31. Nc6 Rb7 32. Ne7+ Rxe7 33. Qxe7 d4 34.
Qd8+ Kg7 35. Qxd4+ Kg8 36. Qd8+ Kg7 37. Rcd1 Bb7 38. Qf6+ Kg8 39. Rd7 Nd6 40.
Rxd6 Qf3 41. Rd8+ Rxd8 42. Qxd8+ Kg7 43. Qd2 Qh1+ 44. Kf2 1/2-1/2

[Event "Ä17Â"]
[Site "Loo"]
[Date "2017.04.27"]
[Round "8.18"]
[White "Åãîðîâà, Âàëåíòèíà."]
[Black "×åìáîðèñîâà, Ýëèíà."]
[Result "1/2-1/2"]
[WhiteElo "1642"]
[BlackElo "1840"]
[PlyCount "74"]
[EventDate "2017.04.20"]

1. d4 Nf6 2. c4 e6 3. Nc3 Bb4 4. Bg5 h6 5. Bd2 b6 6. e3 Bb7 7. Nf3 Bxc3 8. Bxc3
Ne4 9. Rc1 d6 10. Bd3 Nxc3 11. Rxc3 Nd7 12. O-O O-O 13. e4 e5 14. d5 g6 15. Nd2
Bc8 16. f4 exf4 17. Rxf4 Ne5 18. Bc2 h5 19. h3 h4 20. Rf2 Kg7 21. Nf3 Qe7 22.
Qd4 Bd7 23. Nxe5 Qxe5 24. Qxe5+ dxe5 25. Re3 Rae8 26. Ref3 f6 27. Kh2 Rf7 28.
Kg1 Ref8 29. Re3 Kh6 30. a3 Kg5 31. b4 Re8 32. Rfe2 Kf4 33. Rf3+ Kg5 34. Rfe3
Kf4 35. Rf3+ Kg5 36. Rfe3 Kf4 37. Rf3+ Kg5 1/2-1/2

[Event "Ä17Â"]
[Site "Loo"]
[Date "2017.04.27"]
[Round "8.20"]
[White "Ïîïîâà, Äàðüÿ."]
[Black "Çàõàðîâà, Òàòüÿíà."]
[Result "0-1"]
[WhiteElo "1504"]
[BlackElo "1811"]
[PlyCount "108"]
[EventDate "2017.04.20"]

1. e4 e5 2. Nf3 Nc6 3. d4 exd4 4. Nxd4 Bb4+ 5. c3 Bc5 6. Nxc6 bxc6 7. Bd3 Qh4
8. Qe2 Nf6 9. Be3 Bxe3 10. Qxe3 O-O 11. O-O Re8 12. Nd2 d5 13. f3 dxe4 14. Nxe4
Nxe4 15. fxe4 Be6 16. Qf3 Qg5 17. Kh1 Rad8 18. b3 Qe5 19. Rac1 Rd7 20. Rfd1 Qa5
21. Bb1 Red8 22. Rxd7 Rxd7 23. h3 h6 24. Qe3 Qh5 25. Bc2 a5 26. Bd3 Qe5 27. Bc2
Rd8 28. Re1 f6 29. Kg1 Bf7 30. a4 c5 31. Re2 Rb8 32. c4 Rd8 33. Rd2 Rxd2 34.
Qxd2 Qd4+ 35. Qxd4 cxd4 36. Kf1 Kf8 37. Ke2 Ke7 38. g4 Ke6 39. Bd3 Kd6 40. Bc2
Be6 41. Bd3 Kc5 42. Bc2 Kd6 43. Bd3 Bf7 44. Kf3 Kc5 45. Ke2 Kb4 46. Bc2 Kc3 47.
Bd1 h5 48. Ke1 hxg4 49. hxg4 Bg6 50. g5 Bxe4 51. gxf6 gxf6 52. c5 Bc2 53. b4
Bxd1 54. b5 Bxa4 0-1

[Event "Ä17Â"]
[Site "Loo"]
[Date "2017.04.27"]
[Round "8.21"]
[White "Áû÷åíêîâà, Þëèÿ."]
[Black "Øàõìàòîâà, Êñåíèÿ."]
[Result "1/2-1/2"]
[WhiteElo "1730"]
[BlackElo "1903"]
[PlyCount "74"]
[EventDate "2017.04.20"]

1. d4 Nf6 2. Nf3 e6 3. c4 b6 4. a3 Bb7 5. e3 Be7 6. Nc3 O-O 7. Bd3 d5 8. cxd5
exd5 9. O-O c5 10. b3 Nc6 11. Ne2 Ne4 12. Bb2 Bf6 13. Rc1 Re8 14. Qc2 cxd4 15.
Nexd4 Nxd4 16. Bxd4 Bxd4 17. Nxd4 Rc8 18. Qe2 Qf6 19. Qf3 Qxf3 20. gxf3 Nc5 21.
Bf5 Rcd8 22. Rfd1 g6 23. Bh3 f5 24. b4 Ne6 25. Bf1 Nxd4 26. Rxd4 Rc8 27. Rcd1
Red8 28. f4 Kf7 29. Bg2 Ke6 30. a4 Ba8 31. Kf1 Bb7 32. Ke1 Bc6 33. b5 Bb7 34.
Kd2 Ba8 35. Ke1 Bb7 36. Kd2 Ba8 37. Ke2 Bb7 1/2-1/2

[Event "Ä17Â"]
[Site "Loo"]
[Date "2017.04.27"]
[Round "8.22"]
[White "Èâàí÷åíêî, Àëåêñàíäðà."]
[Black "Ñòðîãàíîâà, Êàðèíà."]
[Result "1/2-1/2"]
[WhiteElo "1684"]
[BlackElo "1790"]
[PlyCount "66"]
[EventDate "2017.04.20"]

1. e4 g6 2. d4 Bg7 3. Nf3 d6 4. c3 Nc6 5. Be3 Nf6 6. Nbd2 O-O 7. Be2 e5 8. dxe5
Nxe5 9. Nxe5 dxe5 10. f3 Be6 11. Nc4 Nh5 12. O-O Nf4 13. Bxf4 exf4 14. Qxd8
Raxd8 15. Rad1 a6 16. Na5 b5 17. Nc6 Rde8 18. Rd2 f5 19. exf5 Bxf5 20. a4 Rxe2
21. Rxe2 Bd3 22. Ree1 Bxf1 23. Kxf1 g5 24. Nd4 Bxd4 25. cxd4 bxa4 26. Ra1 Rb8
27. Rxa4 Rxb2 28. Rxa6 Rb1+ 29. Kf2 Rb2+ 30. Kf1 Rb1+ 31. Kf2 Rb2+ 32. Kf1 Rb1+
33. Kf2 Rb2+ 1/2-1/2

[Event "Ä17Â"]
[Site "Loo"]
[Date "2017.04.27"]
[Round "8.23"]
[White "Ìóðàâüåâà, Êñåíèÿ."]
[Black "Ôîêèíà, Ýëèíà."]
[Result "0-1"]
[WhiteElo "1369"]
[BlackElo "1878"]
[PlyCount "62"]
[EventDate "2017.04.20"]

1. e4 d6 2. d4 Nf6 3. Nc3 c6 4. Nf3 Bg4 5. Be2 Nbd7 6. O-O e5 7. dxe5 dxe5 8.
h3 Bxf3 9. Bxf3 Be7 10. Be3 O-O 11. Ne2 Qc7 12. Ng3 g6 13. h4 h5 14. Bh6 Rfd8
15. Nh1 Bf8 16. Bg5 Bg7 17. g4 Nc5 18. Qe2 hxg4 19. Bxg4 Ncxe4 20. Bxf6 Nxf6
21. h5 Rd4 22. Bf3 gxh5 23. Bxh5 Rh4 24. Ng3 e4 25. Bxf7+ Qxf7 26. Nf5 Rg4+ 27.
Ng3 Re8 28. Kg2 Qg6 29. Rh1 e3 30. Rad1 exf2 31. Qxf2 Ne4 0-1

[Event "Ä17Â"]
[Site "Loo"]
[Date "2017.04.27"]
[Round "8.24"]
[White "Êîáçåâà, Òàòüÿíà."]
[Black "Ñóâåðí¸âà, Àë¸íà."]
[Result "0-1"]
[WhiteElo "1753"]
[BlackElo "1768"]
[PlyCount "82"]
[EventDate "2017.04.20"]

1. d4 d5 2. c4 e6 3. Nc3 Nf6 4. Nf3 c6 5. Bg5 Nbd7 6. e3 Qa5 7. Nd2 Bb4 8. Qc2
dxc4 9. Bxf6 Nxf6 10. Nxc4 Qc7 11. Bd3 O-O 12. e4 h6 13. O-O Rd8 14. Ne2 Nd7
15. f4 c5 16. a3 Ba5 17. f5 Nf6 18. Nxa5 Qxa5 19. dxc5 exf5 20. exf5 Nd7 21. b4
Qc7 22. Nc3 Ne5 23. Be2 b6 24. Nb5 Qc6 25. Rac1 Bb7 26. Rf2 bxc5 27. Qxc5 Qf6
28. Qe3 a6 29. Nc7 Rac8 30. Qa7 Be4 31. Bxa6 Qg5 32. Rcf1 Nf3+ 33. Rxf3 Bxf3
34. g3 Rxc7 35. Qxc7 Qe3+ 36. Rf2 Rd1+ 37. Bf1 Be2 38. Kg2 Bxf1+ 39. Rxf1 Qe4+
40. Kg1 Rd2 41. Rf2 Qe1+ 0-1

[Event "Ä19"]
[Site "Loo"]
[Date "2017.04.27"]
[Round "8.1"]
[White "Èëüèíà, Íàòàëüÿ."]
[Black "Ïîòàïîâà, Ìàðãàðèòà."]
[Result "0-1"]
[WhiteElo "2072"]
[BlackElo "2096"]
[PlyCount "88"]
[EventDate "2017.04.20"]

1. e4 g6 2. d4 Bg7 3. Nc3 d5 4. exd5 Nf6 5. Bb5+ Nbd7 6. Nge2 O-O 7. Bg5 a6 8.
Bd3 b5 9. Qd2 Nb6 10. O-O Bb7 11. f3 Nbxd5 12. Nxd5 Nxd5 13. c3 Qd6 14. Ng3 f5
15. Rfe1 c5 16. dxc5 Qxc5+ 17. Kh1 e5 18. Bh6 Bxh6 19. Qxh6 Nf4 20. Bf1 Rad8
21. Red1 Bd5 22. Qh4 Qc6 23. Ne2 Bxf3 24. Rxd8 Bxg2+ 25. Kg1 Nh3+ 26. Qxh3 Bxh3
27. Rxf8+ Kxf8 28. Bxh3 Qf3 29. Bf1 Qe3+ 30. Kh1 f4 31. a4 h5 32. axb5 axb5 33.
Ng1 g5 34. Bg2 g4 35. Rf1 Kg7 36. Bc6 Kh6 37. h3 Kg5 38. hxg4 hxg4 39. Bxb5
Qe4+ 40. Nf3+ gxf3 41. c4 f2+ 42. Kh2 Qf3 43. Bd7 Qg3+ 44. Kh1 f3 0-1

[Event "Ä19"]
[Site "Loo"]
[Date "2017.04.27"]
[Round "8.2"]
[White "Äðîãîâîç, Èðèíà."]
[Black "Ëûñåíêî, Ìàðãàðèòà."]
[Result "1-0"]
[WhiteElo "2286"]
[BlackElo "2193"]
[PlyCount "69"]
[EventDate "2017.04.20"]

1. c4 e6 2. Nf3 Nf6 3. d4 c5 4. e3 b6 5. Nc3 Bb7 6. d5 exd5 7. cxd5 d6 8. e4
Nbd7 9. Bd3 Be7 10. O-O O-O 11. a4 a6 12. Nd2 Ne5 13. Bc2 Ne8 14. f4 Nd7 15.
Nf3 g6 16. Re1 Ng7 17. e5 Re8 18. b3 Qc7 19. Bb2 Rad8 20. Qd2 Bf8 21. Ne4 b5
22. axb5 axb5 23. b4 cxb4 24. Bb3 Be7 25. Rac1 Qb8 26. Qxb4 Ba8 27. e6 Qb6+ 28.
Kh1 fxe6 29. dxe6 Ne5 30. fxe5 Bxe4 31. Qxe4 d5 32. Bxd5 Rf8 33. Bd4 Qa5 34.
Ra1 Qc7 35. Ra7 1-0

[Event "Ä19"]
[Site "Loo"]
[Date "2017.04.27"]
[Round "8.3"]
[White "Ìàðòûíþê, Åëèçàâåòà."]
[Black "Àðóòþíîâà, Àñÿ."]
[Result "1-0"]
[WhiteElo "2165"]
[BlackElo "2125"]
[PlyCount "83"]
[EventDate "2017.04.20"]

1. e4 c5 2. Nf3 d6 3. d4 cxd4 4. Nxd4 Nf6 5. Nc3 a6 6. f3 g6 7. Be3 Bg7 8. Qd2
h5 9. Bc4 Qc7 10. Bb3 Nc6 11. O-O O-O 12. Nxc6 bxc6 13. Bh6 Kh7 14. Bxg7 Kxg7
15. Rae1 Qa5 16. Kh1 Rb8 17. f4 Ng4 18. h3 Nf6 19. e5 dxe5 20. fxe5 Nd5 21. Qg5
Rb7 22. Ne4 Be6 23. c4 Nb6 24. Ng3 Rh8 25. Re4 Qc5 26. Rh4 Kf8 27. Qxg6 Ke8 28.
Qg7 Rf8 29. Ne4 Qe3 30. Ng5 Qe2 31. Rhf4 Bxc4 32. Nh7 Bxb3 33. Qxf8+ Kd7 34.
axb3 Nd5 35. Rxf7 Kc7 36. Qg7 Rb8 37. R1f2 Qe1+ 38. Kh2 h4 39. Ng5 Rxb3 40.
Ne6+ Kb6 41. Qh8 Ne3 42. Qb8+ 1-0

[Event "Ä19"]
[Site "Loo"]
[Date "2017.04.27"]
[Round "8.4"]
[White "Ìàìîíòîâà, Àíàñòàñèÿ."]
[Black "Êîð÷àãèíà, Àëåíà."]
[Result "0-1"]
[WhiteElo "1948"]
[BlackElo "2119"]
[PlyCount "80"]
[EventDate "2017.04.20"]

1. d4 d5 2. c4 dxc4 3. e3 e5 4. Bxc4 exd4 5. exd4 Bd6 6. Nf3 Nf6 7. O-O O-O 8.
Nc3 Bg4 9. Be2 Nc6 10. Kh1 h6 11. Be3 a6 12. Qb3 b5 13. a4 b4 14. Nd5 Nxd5 15.
Qxd5 Ne7 16. Qc4 Ng6 17. Rfd1 Qf6 18. Nd2 Bxe2 19. Qxe2 Rfe8 20. Qg4 Bf4 21.
Nc4 Rad8 22. Rac1 Rd5 23. g3 Bd6 24. Kg2 Rf5 25. Rd2 h5 26. Qd1 h4 27. Nxd6
Qxd6 28. d5 Qe5 29. Rc4 a5 30. Kg1 hxg3 31. hxg3 Qe7 32. Qc2 Ne5 33. Rxc7 Nf3+
34. Kf1 Nxd2+ 35. Ke2 Rxf2+ 36. Kxf2 Qxe3+ 37. Kg2 Qf3+ 38. Kh3 Qh5+ 39. Kg2
Re2+ 40. Kg1 Qh2# 0-1

[Event "Ä19"]
[Site "Loo"]
[Date "2017.04.27"]
[Round "8.5"]
[White "Øàêèðîâà, Ðåíàòà."]
[Black "Áîðèñîâà, Åêàòåðèíà."]
[Result "1/2-1/2"]
[WhiteElo "2064"]
[BlackElo "2078"]
[PlyCount "82"]
[EventDate "2017.04.20"]

1. e4 c5 2. Nf3 d6 3. d4 Nf6 4. Nc3 cxd4 5. Nxd4 g6 6. f3 Bg7 7. Be3 Nc6 8. Qd2
O-O 9. h4 d5 10. h5 e5 11. Nxc6 bxc6 12. Bh6 Nxh5 13. Bxg7 Kxg7 14. exd5 cxd5
15. Nxd5 Be6 16. Bc4 Rc8 17. Bb3 Bxd5 18. Bxd5 Rxc2 19. Qxc2 Qxd5 20. Qd2 Qc4
21. b3 Qc5 22. Rc1 Qb5 23. Rc4 Qb6 24. Qc3 Re8 25. Rc6 Qb5 26. a4 Qd5 27. Rc5
Qd6 28. Rh4 Ng3 29. Kf2 Nf5 30. Re4 Nd4 31. b4 Re7 32. b5 f5 33. Rcxe5 fxe4 34.
Rxe7+ Qxe7 35. Qxd4+ Kf7 36. Qxe4 Qc5+ 37. Kg3 Qg5+ 38. Qg4 Qe7 39. Qh4 Qe1+
40. Kh3 Qh1+ 41. Kg3 Qe1+ 1/2-1/2

[Event "Ä19"]
[Site "Loo"]
[Date "2017.04.27"]
[Round "8.6"]
[White "Ìèëîâàíîâà, Ìàðèÿ."]
[Black "Ïðîòîïîïîâà, Àíàñòàñèÿ."]
[Result "1-0"]
[WhiteElo "1981"]
[BlackElo "2266"]
[PlyCount "63"]
[EventDate "2017.04.20"]

1. d4 d5 2. c4 e6 3. Nc3 c6 4. e4 dxe4 5. Nxe4 Bb4+ 6. Bd2 Qxd4 7. Bxb4 Qxe4+
8. Ne2 Na6 9. Bd6 Bd7 10. Qb3 O-O-O 11. O-O-O e5 12. f3 Qf5 13. Qe3 b6 14. g4
Qe6 15. Nc3 Nh6 16. c5 b5 17. Qe4 Nc7 18. Qb4 Kb7 19. Bxc7 Kxc7 20. Qa5+ Kb8
21. Rd6 Qe7 22. Bxb5 cxb5 23. Nd5 Qxd6 24. cxd6 Rc8+ 25. Kb1 f5 26. Ne7 fxg4
27. Rc1 Rxc1+ 28. Kxc1 Be6 29. Qxb5+ Ka8 30. Qc6+ Kb8 31. Qc7+ Ka8 32. Nc6 1-0

[Event "Ä19"]
[Site "Loo"]
[Date "2017.04.27"]
[Round "8.7"]
[White "Òèìàêîâà, Ìàðèÿ."]
[Black "Òèøîâà, Ñâåòëàíà."]
[Result "0-1"]
[WhiteElo "1828"]
[BlackElo "2177"]
[PlyCount "72"]
[EventDate "2017.04.20"]

1. f4 d5 2. Nf3 g6 3. d3 Nf6 4. g3 Bg7 5. Bg2 O-O 6. O-O c5 7. Nbd2 Nc6 8. h3
d4 9. Nc4 Be6 10. Nfe5 Nxe5 11. Nxe5 Bd5 12. Nf3 Nd7 13. e4 dxe3 14. c3 e5 15.
Bxe3 exf4 16. Bxf4 Nf6 17. g4 Bc6 18. Qd2 Qa5 19. Qf2 Rad8 20. Rfd1 Rfe8 21.
Be3 b6 22. Bg5 Rd6 23. Re1 Rxe1+ 24. Rxe1 Qxa2 25. Ne5 Bxg2 26. Kxg2 Qd5+ 27.
Kg1 Nxg4 28. Qxf7+ Qxf7 29. Nxf7 Kxf7 30. hxg4 h6 31. Bf4 Rxd3 32. Kf2 g5 33.
Bb8 Rd7 34. Re4 b5 35. Ke2 a6 36. Be5 Re7 0-1

[Event "Ä19"]
[Site "Loo"]
[Date "2017.04.27"]
[Round "8.8"]
[White "Äîëãàåâà, Åâãåíèÿ."]
[Black "Ãîðîâåíêî, Äàðüÿ."]
[Result "0-1"]
[WhiteElo "1946"]
[BlackElo "2122"]
[PlyCount "92"]
[EventDate "2017.04.20"]

1. e4 c5 2. Nf3 d6 3. d4 cxd4 4. Nxd4 Nf6 5. Nc3 a6 6. h3 e5 7. Nde2 h5 8. g3
Nbd7 9. Bg2 b5 10. Bg5 Be7 11. Nd5 Nxd5 12. Qxd5 Nb6 13. Bxe7 Kxe7 14. Qd2 Bb7
15. b3 Kf8 16. Rd1 Rh6 17. O-O Rc8 18. c3 Nd7 19. Qe3 Qc7 20. Kh2 Qc5 21. Qg5
Nf6 22. f3 Re8 23. Nc1 d5 24. exd5 Nxd5 25. Rd3 Nf6 26. b4 Qc7 27. Ne2 Rg6 28.
Qh4 Bd5 29. Re3 Qb6 30. Rd3 Bc4 31. Nc1 Bxd3 32. Nxd3 Qe3 33. Nc5 Qxc3 34. Kh1
Rd8 35. Ne4 Qd4 36. Kh2 Rc8 37. Re1 Rc2 38. Rg1 Rxa2 39. Kh1 Rc2 40. Kh2 Nxe4
41. fxe4 Kg8 42. Qxh5 Rxg3 43. Kxg3 Qxg1 44. Qf3 Qe1+ 45. Kh2 Qxb4 46. Qd3 Qd2
0-1